[Event "Campeonato Continental Americas 2009"]
[Site "Sao Paulo BRA"]
[Date "2009.07.25"]
[Round "1.42"]
[White "Mariano, Marceley Martins"]
[Black "Cori, Jorge"]
[Result "0-1"]
[WhiteElo "2040"]
[BlackElo "2424"]
[PlyCount "90"]
[EventDate "2009.07.25"]
[EventType "swiss"]
[EventRounds "11"]
[EventCountry "BRA"]
[Source "lmi"]
[SourceDate "2009.07.25"]

1. e4 e5 2. Nf3 Nc6 3. Bb5 Nf6 4. O-O Nxe4 5. d4 Nd6 6. Bxc6 dxc6 7. dxe5 Nf5
8. Qxd8+ Kxd8 9. Bg5+ Ke8 10. Rd1 Be6 11. b3 h6 12. Bc1 Rd8 13. Rxd8+ Kxd8 14.
Ba3 c5 15. Nbd2 b6 16. c4 Kc8 17. Ne4 Be7 18. Rd1 Rd8 19. Rxd8+ Bxd8 20. Kf1
Bd7 21. Ke2 Bc6 22. Kd3 Kd7 23. Bb2 Ke6 24. Ng1 g5 25. g3 Ne7 26. Ne2 Ng6 27.
f4 Kf5 28. g4+ Kxg4 29. fxg5 hxg5 30. N2g3 Kf3 31. Nd2+ Kg2 32. Ndf1 g4 33. Ke2
Nf4+ 34. Kd1 Nd3 35. Bc3 Bg5 36. Kc2 Nb4+ 37. Bxb4 cxb4 38. Kd3 Bf3 39. Ne3+
Kxh2 40. Ngf5 Bxe3 41. Nxe3 g3 42. Nf1+ Kg2 43. Nxg3 Kxg3 44. c5 bxc5 45. Kc4
Kf4 0-1

[Event "Campeonato Continental Americas 2009"]
[Site "Sao Paulo BRA"]
[Date "2009.07.25"]
[Round "1.43"]
[White "Prasca Sosa, Rafael"]
[Black "Santos Junior, Braulio"]
[Result "1-0"]
[WhiteElo "2414"]
[BlackElo "2035"]
[PlyCount "65"]
[EventDate "2009.07.25"]
[EventType "swiss"]
[EventRounds "11"]
[EventCountry "BRA"]
[Source "lmi"]
[SourceDate "2009.07.25"]

1. e4 e5 2. Nf3 Nc6 3. Bc4 Nf6 4. d3 Be7 5. Bb3 d5 6. Qe2 Bg4 7. c3 h6 8. h3
dxe4 9. dxe4 Bh5 10. Nbd2 Bd6 11. Nf1 g5 12. Ng3 Bg6 13. Bd2 Qe7 14. Nxg5 Nd7
15. Nf3 O-O-O 16. h4 h5 17. Bd5 Ncb8 18. Ng5 Nb6 19. Bb3 Na6 20. Nf5 Qf8 21.
O-O Nc5 22. Rfd1 f6 23. Ne6 Nxe6 24. Bxe6+ Kb8 25. Ng3 Qe7 26. Bh3 Qh7 27. a4
Nc8 28. a5 a6 29. b4 Be8 30. Be3 Na7 31. c4 Bc6 32. b5 axb5 33. Bxa7+ 1-0

[Event "Campeonato Continental Americas 2009"]
[Site "Sao Paulo BRA"]
[Date "2009.07.25"]
[Round "1.44"]
[White "Chin Li, Victor"]
[Black "Uribe, Mauricio"]
[Result "0-1"]
[WhiteElo "2034"]
[BlackElo "2413"]
[PlyCount "102"]
[EventDate "2009.07.25"]
[EventType "swiss"]
[EventRounds "11"]
[EventCountry "BRA"]
[Source "lmi"]
[SourceDate "2009.07.25"]

1. e4 e6 2. d4 d5 3. exd5 exd5 4. Bd3 Nc6 5. c3 Bd6 6. Qf3 Be6 7. Ne2 Qd7 8. h3
Nge7 9. O-O O-O-O 10. b4 h5 11. Bf4 Bxf4 12. Nxf4 g5 13. Nxe6 fxe6 14. b5 Na5
15. Nd2 g4 16. Qe3 Nf5 17. Qe5 gxh3 18. gxh3 Rdf8 19. Rae1 Rh6 20. Kh1 Nd6 21.
a4 Qf7 22. f4 Kb8 23. f5 exf5 24. Bxf5 Nac4 25. Nxc4 Nxc4 26. Qe2 Rf6 27. Bd3
Rxf1+ 28. Rxf1 Qxf1+ 29. Qxf1 Rxf1+ 30. Bxf1 Nb2 31. a5 Nd1 32. Be2 Nxc3 33.
Bxh5 Kc8 34. h4 Kd7 35. Bf3 Ke6 36. h5 Kf6 37. Kg2 Kg5 38. Kf2 Nxb5 39. Ke3 c6
40. Be2 Nd6 41. a6 b6 42. Kd3 Nf5 43. Bd1 Ng7 44. Ba4 b5 45. Bd1 Nxh5 46. Kc3
Ng7 47. Be2 Ne6 48. Bf1 Kf6 49. Kb4 Ke7 50. Bh3 Kd6 51. Bg4 Ng5 0-1

[Event "Campeonato Continental Americas 2009"]
[Site "Sao Paulo BRA"]
[Date "2009.07.25"]
[Round "1.45"]
[White "Gerzhoy, Leonid"]
[Black "Rodrigues, Nei Jorge"]
[Result "1-0"]
[WhiteElo "2409"]
[BlackElo "2033"]
[PlyCount "71"]
[EventDate "2009.07.25"]
[EventType "swiss"]
[EventRounds "11"]
[EventCountry "BRA"]
[Source "lmi"]
[SourceDate "2009.07.25"]

1. e4 d5 2. exd5 Nf6 3. d4 Nxd5 4. Nf3 Bg4 5. h3 Bh5 6. c4 Nf6 7. Nc3 e6 8. g4
Bg6 9. Ne5 Nfd7 10. Nxg6 hxg6 11. Bg2 c6 12. O-O Be7 13. d5 exd5 14. cxd5 O-O
15. Bf4 Bf6 16. Qb3 Qb6 17. Rfd1 Nc5 18. Qc4 Nba6 19. Rab1 Rac8 20. b4 Bxc3 21.
Qxc3 Nd7 22. dxc6 Nf6 23. b5 Nc5 24. Be3 Nfe4 25. Bxe4 Nxe4 26. Qb4 Qc7 27.
Qxe4 bxc6 28. Qxc6 Qxc6 29. bxc6 Rxc6 30. Rd7 a6 31. Rb6 Rfc8 32. Rd8+ Rxd8 33.
Rxc6 Ra8 34. a4 Kh7 35. Rc7 f6 36. Ra7 1-0

[Event "Campeonato Continental Americas 2009"]
[Site "Sao Paulo BRA"]
[Date "2009.07.25"]
[Round "1.46"]
[White "Tratz, Leonardo Schmaedeck"]
[Black "Perdomo, Leandro Daniel"]
[Result "0-1"]
[WhiteElo "2032"]
[BlackElo "2409"]
[PlyCount "52"]
[EventDate "2009.07.25"]
[EventType "swiss"]
[EventRounds "11"]
[EventCountry "BRA"]
[Source "lmi"]
[SourceDate "2009.07.25"]

1. e4 e5 2. Nf3 Nc6 3. d4 exd4 4. Nxd4 Qf6 5. Be3 Bc5 6. c3 Nge7 7. Nf5 Bxe3 8.
Nxe3 O-O 9. Be2 Ng6 10. O-O Nf4 11. Nd2 d6 12. Nd5 Nxd5 13. exd5 Ne7 14. Nc4
Re8 15. Re1 Bd7 16. Qd2 Ng6 17. Bd3 Nf4 18. Be4 b5 19. Na5 Qg5 20. Qc2 Re5 21.
Re3 f5 22. Bf3 Nh3+ 23. Kf1 Rxe3 24. fxe3 Qxe3 25. Re1 Qg1+ 26. Ke2 Re8+ 0-1

[Event "Campeonato Continental Americas 2009"]
[Site "Sao Paulo BRA"]
[Date "2009.07.25"]
[Round "1.52"]
[White "Wolff, Carlos Alberto"]
[Black "Santos, Marcus Vinicius Mor"]
[Result "0-1"]
[WhiteElo "2017"]
[BlackElo "2390"]
[PlyCount "32"]
[EventDate "2009.07.25"]
[EventType "swiss"]
[EventRounds "11"]
[EventCountry "BRA"]
[Source "lmi"]
[SourceDate "2009.07.25"]

1. e4 e5 2. Nf3 Nc6 3. Bc4 Nf6 4. Ng5 d5 5. exd5 Na5 6. Bb5+ c6 7. dxc6 bxc6 8.
Qf3 Be7 9. Be2 O-O 10. Ne4 Nd5 11. d3 f5 12. Nec3 Nb4 13. Bd1 e4 14. dxe4 fxe4
15. Qe3 Bf6 16. Qg3 Bh4 0-1

[Event "Campeonato Continental Americas 2009"]
[Site "Sao Paulo BRA"]
[Date "2009.07.25"]
[Round "1.54"]
[White "Ferreira, Jose Carlos"]
[Black "Van Riemsdijk, Herman Claudius"]
[Result "0-1"]
[WhiteElo "2013"]
[BlackElo "2380"]
[PlyCount "50"]
[EventDate "2009.07.25"]
[EventType "swiss"]
[EventRounds "11"]
[EventCountry "BRA"]
[Source "lmi"]
[SourceDate "2009.07.25"]

1. e4 e5 2. Nf3 Nc6 3. Nc3 Nf6 4. Bb5 Nd4 5. Bc4 Nxf3+ 6. Qxf3 c6 7. h3 d6 8.
a4 Be7 9. O-O g5 10. Qe2 Rg8 11. b4 g4 12. h4 Nh5 13. g3 Bxh4 14. Kg2 Nf4+ 15.
gxf4 exf4 16. Bxf7+ Kxf7 17. Qc4+ Be6 18. Qd3 f3+ 19. Kg1 Bf6 20. e5 Bxe5 21.
Qxh7+ Rg7 22. Qh5+ Kg8 23. Re1 Bf7 24. Rxe5 Bxh5 25. Rxh5 Qe8 0-1

[Event "Campeonato Continental Americas 2009"]
[Site "Sao Paulo BRA"]
[Date "2009.07.25"]
[Round "1.58"]
[White "Vivaldo, Leonardo Vicente"]
[Black "Duarte, Leonardo"]
[Result "0-1"]
[WhiteElo "2006"]
[BlackElo "2373"]
[PlyCount "83"]
[EventDate "2009.07.25"]
[EventType "swiss"]
[EventRounds "11"]
[EventCountry "BRA"]
[Source "lmi"]
[SourceDate "2009.07.25"]

1. e4 c5 2. Nf3 e6 3. d4 cxd4 4. Nxd4 Nc6 5. Nb5 d6 6. c4 Nf6 7. N1c3 a6 8. Na3
Be7 9. Be2 b6 10. O-O Bb7 11. Be3 Nb8 12. f3 Nbd7 13. Qd2 O-O 14. Rfd1 Qc7 15.
Rac1 Rac8 16. Bf1 Qb8 17. Qf2 Bd8 18. Nab1 Bc7 19. g3 Kh8 20. Bd4 Rg8 21. b3 g5
22. Bg2 Rg6 23. Nd2 Ne5 24. Nf1 Ba8 25. a4 Rgg8 26. Qe2 Rce8 27. b4 d5 28. cxd5
exd5 29. Qxa6 dxe4 30. fxe4 g4 31. Nb5 Bb7 32. Qa7 Qxa7 33. Nxa7 Bb8 34. Bxe5
Bxe5 35. Nc6 Bb2 36. Rc2 Bxc6 37. Rxc6 Nxe4 38. Rd5 Rg6 39. Rc2 Bg7 40. b5 Bf8
41. h4 Rge6 42. Kh2 0-1

[Event "Campeonato Continental Americas 2009"]
[Site "Sao Paulo BRA"]
[Date "2009.07.25"]
[Round "1.59"]
[White "Della Morte, German"]
[Black "Veloso, Perseu Felipe Simoe"]
[Result "1-0"]
[WhiteElo "2372"]
[BlackElo "2005"]
[PlyCount "92"]
[EventDate "2009.07.25"]
[EventType "swiss"]
[EventRounds "11"]
[EventCountry "BRA"]
[Source "lmi"]
[SourceDate "2009.07.25"]

1. e4 c5 2. Nf3 d6 3. d4 cxd4 4. Nxd4 Nf6 5. Nc3 a6 6. Bg5 e6 7. f4 Nbd7 8. Qf3
Qc7 9. O-O-O b5 10. Bd3 Bb7 11. Rhe1 Qb6 12. Nb3 Rc8 13. Kb1 Be7 14. f5 Rxc3
15. bxc3 e5 16. Bc1 Qc7 17. Bb2 Nb6 18. g4 Nfd7 19. Bf1 Na4 20. Ba1 Ndb6 21.
Qg3 O-O 22. g5 Rb8 23. f6 Bf8 24. h4 Nc4 25. h5 Kh8 26. Qf3 gxf6 27. Bxc4 bxc4
28. Qxf6+ Bg7 29. Qxd6 Qxd6 30. Rxd6 cxb3 31. axb3 Nc5 32. Red1 Bf8 33. Rb6 Kg8
34. c4 Nxe4 35. Bxe5 Re8 36. Bb2 Bc8 37. g6 f5 38. Rc6 Bb4 39. Rc7 hxg6 40.
Rg7+ Kf8 41. Rxg6 Nc3+ 42. Bxc3 Bxc3 43. h6 Kf7 44. Rc6 f4 45. Rf1 Bf5 46. b4
Re1+ 1-0

[Event "Campeonato Continental Americas 2009"]
[Site "Sao Paulo BRA"]
[Date "2009.07.25"]
[Round "1.66"]
[White "Reis, Ernesto Guevara"]
[Black "Brito, Luismar"]
[Result "0-1"]
[WhiteElo "1985"]
[BlackElo "2351"]
[PlyCount "72"]
[EventDate "2009.07.25"]
[EventType "swiss"]
[EventRounds "11"]
[EventCountry "BRA"]
[Source "lmi"]
[SourceDate "2009.07.25"]

1. e4 c5 2. Nf3 d6 3. d4 cxd4 4. Nxd4 Nf6 5. Nc3 a6 6. Be2 e5 7. Nb3 Be6 8. Be3
b5 9. O-O Nbd7 10. f4 Qc7 11. f5 Bc4 12. Bd3 Be7 13. Nd2 Nb6 14. Bxc4 Nxc4 15.
Nxc4 Qxc4 16. Qd3 Rc8 17. Bg5 b4 18. Bxf6 bxc3 19. Bxe7 Qxd3 20. cxd3 Kxe7 21.
Rf2 Rc6 22. bxc3 Rxc3 23. Rd2 Rb8 24. Kf1 d5 25. exd5 Kd6 26. Re1 Kxd5 27. Kf2
Rb4 28. g3 f6 29. h3 h5 30. Re3 a5 31. Kf3 a4 32. g4 h4 33. d4 e4+ 34. Kf4 Rxe3
35. Kxe3 Rc4 36. Rb2 Rc3+ 0-1

[Event "Campeonato Continental Americas 2009"]
[Site "Sao Paulo BRA"]
[Date "2009.07.25"]
[Round "1.73"]
[White "Santiago, Yago De Moura"]
[Black "Ferreira, Euclides Roberto"]
[Result "0-1"]
[WhiteElo "2327"]
[BlackElo "1960"]
[PlyCount "46"]
[EventDate "2009.07.25"]
[EventType "swiss"]
[EventRounds "11"]
[EventCountry "BRA"]
[Source "lmi"]
[SourceDate "2009.07.25"]

1. e4 c5 2. Nf3 d6 3. d4 cxd4 4. Nxd4 Nf6 5. Nc3 g6 6. Be3 Bg7 7. f3 O-O 8. Qd2
Nc6 9. Bc4 Bd7 10. O-O-O Ne5 11. Bb3 Qa5 12. Kb1 Rfc8 13. h4 Nc4 14. Bxc4 Rxc4
15. g4 b5 16. e5 b4 17. exf6 bxc3 18. Qd3 Rb8 19. Bc1 Rxd4 20. Qxd4 Bxf6 21.
Qd5 Qa4 22. Rhe1 Bc6 23. Qd3 Rxb2+ 0-1

[Event "Campeonato Continental Americas 2009"]
[Site "Sao Paulo BRA"]
[Date "2009.07.25"]
[Round "1.74"]
[White "Machado, Gilmar Dias"]
[Black "Quinones, Cesar"]
[Result "0-1"]
[WhiteElo "1960"]
[BlackElo "2318"]
[PlyCount "50"]
[EventDate "2009.07.25"]
[EventType "swiss"]
[EventRounds "11"]
[EventCountry "BRA"]
[Source "lmi"]
[SourceDate "2009.07.25"]

1. e4 c5 2. c3 d5 3. exd5 Qxd5 4. d4 Nf6 5. dxc5 Qxc5 6. Be3 Qc7 7. Na3 a6 8.
Nc2 e5 9. Nf3 Ng4 10. Qd2 Nc6 11. Bg5 Bc5 12. Bh4 O-O 13. h3 Nh6 14. g4 e4 15.
Nfd4 Nxd4 16. Nxd4 f5 17. Bc4+ Kh8 18. Ne6 Bxe6 19. Bxe6 e3 20. fxe3 Rae8 21.
Qd5 Bxe3 22. Rf1 fxg4 23. Rxf8+ Rxf8 24. hxg4 Qh2 25. Bg5 Rf1+ 0-1

[Event "Campeonato Continental Americas 2009"]
[Site "Sao Paulo BRA"]
[Date "2009.07.25"]
[Round "1.77"]
[White "Romero Pino, Claudio"]
[Black "Haman, Muhammad"]
[Result "1-0"]
[WhiteElo "2299"]
[BlackElo "1950"]
[PlyCount "45"]
[EventDate "2009.07.25"]
[EventType "swiss"]
[EventRounds "11"]
[EventCountry "BRA"]
[Source "lmi"]
[SourceDate "2009.07.25"]

1. d4 Nf6 2. c4 e6 3. Nf3 d5 4. Bg5 Be7 5. e3 Nbd7 6. Nc3 h6 7. Bh4 c6 8. Rc1
O-O 9. Bd3 dxc4 10. Bxc4 Nd5 11. Bg3 Nxc3 12. bxc3 c5 13. O-O a6 14. a4 Nb6 15.
Bb3 a5 16. Ne5 Bd7 17. Qf3 Qc8 18. Rb1 Bxa4 19. Bxa4 Nxa4 20. Rxb7 Bf6 21. Nd7
Re8 22. Nxf6+ gxf6 23. Bh4 1-0

[Event "Campeonato Continental Americas 2009"]
[Site "Sao Paulo BRA"]
[Date "2009.07.26"]
[Round "2.5"]
[White "Corrales Jimenez, Fidel"]
[Black "Guimaraes, Wagner Peixoto"]
[Result "1-0"]
[WhiteElo "2602"]
[BlackElo "2291"]
[PlyCount "127"]
[EventDate "2009.07.25"]
[EventType "swiss"]
[EventRounds "11"]
[EventCountry "BRA"]
[Source "lmi"]
[SourceDate "2009.07.25"]

1. d4 e6 2. c4 Nf6 3. Nc3 Bb4 4. e3 O-O 5. Bd3 c5 6. a3 cxd4 7. axb4 dxc3 8.
bxc3 d5 9. Qb3 Nc6 10. Nf3 e5 11. cxd5 e4 12. Bxe4 Nxe4 13. dxc6 Qf6 14. O-O
Qxc6 15. Bb2 Be6 16. Qc2 Nf6 17. Nd4 Qc4 18. b5 Rfc8 19. Ra4 Qd5 20. Rfa1 Qc5
21. Nxe6 fxe6 22. Qb3 Kh8 23. Qxe6 Qxb5 24. Rxa7 Rab8 25. R7a2 Re8 26. Qh3 Ne4
27. Qg4 Qc4 28. Ra4 Qb3 29. Rxe4 Qxb2 30. Rxe8+ Rxe8 31. Rd1 Qxc3 32. h4 h6 33.
Qd7 Rf8 34. Qe7 Kg8 35. Qxb7 Qf6 36. Qd5+ Kh8 37. Qf3 Qxf3 38. gxf3 Rxf3 39.
Kg2 Rf5 40. Kg3 Kh7 41. e4 Ra5 42. f4 Ra4 43. e5 Kg6 44. Rd8 Ra3+ 45. Kf2 Kf5
46. Rf8+ Ke6 47. h5 Rb3 48. Ke2 Rh3 49. Re8+ Kf5 50. Rf8+ Ke6 51. Re8+ Kf5 52.
Rg8 Rxh5 53. Ke3 g5 54. Rf8+ Ke6 55. Rf6+ Ke7 56. f5 Rh1 57. Ra6 Re1+ 58. Kd4
Rd1+ 59. Kc4 Rc1+ 60. Kd3 Rd1+ 61. Kc2 Rd5 62. f6+ Kf7 63. Ra7+ Kg6 64. Rg7+
1-0

[Event "Campeonato Continental Americas 2009"]
[Site "Sao Paulo BRA"]
[Date "2009.07.26"]
[Round "2.6"]
[White "Matsuura, Frederico"]
[Black "Milos, Gilberto"]
[Result "0-1"]
[WhiteElo "2303"]
[BlackElo "2589"]
[PlyCount "74"]
[EventDate "2009.07.25"]
[EventType "swiss"]
[EventRounds "11"]
[EventCountry "BRA"]
[Source "lmi"]
[SourceDate "2009.07.25"]

1. d4 d5 2. Bg5 c6 3. e3 h6 4. Bh4 Qb6 5. b3 e5 6. Nf3 e4 7. Nfd2 Be6 8. Be2
Ne7 9. O-O Nf5 10. Bg3 Nd7 11. c4 Be7 12. Nc3 Nxg3 13. hxg3 O-O 14. Na4 Qd8 15.
Qc2 Rc8 16. Rfc1 Ba3 17. Rcb1 Bd6 18. b4 Qg5 19. Nf1 b6 20. c5 Bb8 21. cxb6
axb6 22. Rc1 Bd6 23. Rab1 Qe7 24. Qb3 Rc7 25. Nd2 f5 26. Nc3 Nf6 27. a4 g5 28.
b5 c5 29. dxc5 Bxc5 30. a5 bxa5 31. b6 Rb7 32. Na4 Bb4 33. Ba6 Rbb8 34. Rc7 Qd6
35. Qc2 Bd7 36. Rd1 Bxa4 37. Qxa4 Rxb6 0-1

[Event "Campeonato Continental Americas 2009"]
[Site "Sao Paulo BRA"]
[Date "2009.07.26"]
[Round "2.7"]
[White "Flores, Diego"]
[Black "Barbosa, Evandro Amorim"]
[Result "1-0"]
[WhiteElo "2587"]
[BlackElo "2279"]
[PlyCount "103"]
[EventDate "2009.07.25"]
[EventType "swiss"]
[EventRounds "11"]
[EventCountry "BRA"]
[Source "lmi"]
[SourceDate "2009.07.25"]

1. c4 Nf6 2. Nc3 g6 3. g3 Bg7 4. Bg2 O-O 5. e4 d6 6. d4 c5 7. d5 e6 8. Nge2
exd5 9. cxd5 Na6 10. O-O Rb8 11. a3 b5 12. b4 cxb4 13. axb4 Nxb4 14. Rxa7 Ng4
15. h3 Ne5 16. Be3 Na6 17. Na2 b4 18. Nac1 Nc5 19. Nb3 Qb6 20. Ra5 Ba6 21. Rxc5
dxc5 22. Bxc5 Qb5 23. Ned4 Qd7 24. Bxf8 Bxf1 25. Bxg7 Bxg2 26. Kxg2 Kxg7 27.
Qa1 Kg8 28. Qa6 Qe8 29. f4 Nd7 30. e5 Qc8 31. Qd6 Ra8 32. Qxb4 Ra2+ 33. Kf3 Nf8
34. g4 Qd8 35. Ke4 Qh4 36. e6 fxe6 37. dxe6 Ra8 38. Qb7 Rd8 39. Qf7+ Kh8 40. e7
Qe1+ 41. Kd3 Qf1+ 42. Kc3 Rc8+ 43. Kd2 Qg2+ 44. Ne2 Qa8 45. f5 gxf5 46. gxf5
Nd7 47. f6 Rg8 48. Qe6 Qa2+ 49. Kc3 Qa7 50. Nbd4 Qa3+ 51. Kd2 Qa8 52. f7 1-0

[Event "Campeonato Continental Americas 2009"]
[Site "Sao Paulo BRA"]
[Date "2009.07.26"]
[Round "2.8"]
[White "Sega, Carlos Alberto"]
[Black "Quesada Perez, Yunieski"]
[Result "0-1"]
[WhiteElo "2293"]
[BlackElo "2584"]
[PlyCount "80"]
[EventDate "2009.07.25"]
[EventType "swiss"]
[EventRounds "11"]
[EventCountry "BRA"]
[Source "lmi"]
[SourceDate "2009.07.25"]

1. c4 e5 2. Nf3 Nf6 3. Nc3 Nc6 4. g3 Bb4 5. Bg2 Bxc3 6. bxc3 d6 7. Rb1 O-O 8.
O-O e4 9. Nd4 Ne5 10. d3 c5 11. f4 exf3 12. Nxf3 Ng6 13. Ng5 Rb8 14. Nh3 d5 15.
Bg5 Bxh3 16. Bxh3 dxc4 17. Rf5 cxd3 18. exd3 Qd6 19. Bxf6 gxf6 20. Qd2 Rfd8 21.
Rd1 b6 22. d4 cxd4 23. cxd4 Kh8 24. Qf2 Kg7 25. Bg4 Rb7 26. h4 h6 27. Bf3 Rc7
28. Rd5 Qf8 29. Rxd8 Qxd8 30. h5 Nf8 31. d5 Qd6 32. Kg2 Nd7 33. Be4 Rc3 34. Qf4
Ne5 35. Qf5 Kf8 36. Qf4 Ke7 37. Rc1 Rxc1 38. Qxc1 f5 39. Bxf5 Qxd5+ 40. Kh3 Qf3
0-1

[Event "Campeonato Continental Americas 2009"]
[Site "Sao Paulo BRA"]
[Date "2009.07.26"]
[Round "2.10"]
[White "Viana Da Costa, Fernando"]
[Black "Kudrin, Sergey"]
[Result "1/2-1/2"]
[WhiteElo "2284"]
[BlackElo "2578"]
[PlyCount "53"]
[EventDate "2009.07.25"]
[EventType "swiss"]
[EventRounds "11"]
[EventCountry "BRA"]
[Source "lmi"]
[SourceDate "2009.07.25"]

1. e4 c5 2. Nf3 d6 3. d4 cxd4 4. Nxd4 Nf6 5. Nc3 g6 6. Be3 a6 7. f3 b5 8. a4 b4
9. Na2 e5 10. Nb3 d5 11. Bg5 Nbd7 12. exd5 Bb7 13. c4 bxc3 14. Nxc3 Bb4 15. Be2
Bxd5 16. Nd2 Qb6 17. Nxd5 Nxd5 18. Kf1 Ne3+ 19. Bxe3 Qxe3 20. Nc4 Qc5 21. Rc1
Rd8 22. g3 Nf6 23. Qb3 Rd2 24. Rc2 Rxc2 25. Qxc2 O-O 26. Kg2 Rd8 27. Rc1
1/2-1/2

[Event "Campeonato Continental Americas 2009"]
[Site "Sao Paulo BRA"]
[Date "2009.07.26"]
[Round "2.12"]
[White "Felgaer, Ruben"]
[Black "Pereira, Silvio Cunha"]
[Result "1-0"]
[WhiteElo "2564"]
[BlackElo "2261"]
[PlyCount "81"]
[EventDate "2009.07.25"]
[EventType "swiss"]
[EventRounds "11"]
[EventCountry "BRA"]
[Source "lmi"]
[SourceDate "2009.07.25"]

1. e4 e5 2. Nf3 Nc6 3. Bc4 Bc5 4. c3 Bb6 5. d4 Qe7 6. Bg5 Nf6 7. d5 Nd8 8. d6
cxd6 9. Na3 a6 10. O-O Ne6 11. Bxf6 Qxf6 12. Bxe6 Qxe6 13. Qd3 Bc7 14. Nc4 b5
15. Ne3 Bb7 16. a4 bxa4 17. Rxa4 O-O 18. Rd1 Bc6 19. Ra3 Rfb8 20. b4 a5 21. Nd5
Bd8 22. bxa5 f5 23. c4 fxe4 24. Qxe4 h6 25. a6 Rb6 26. a7 Rb7 27. Raa1 Bb6 28.
Nxb6 Bxe4 29. Nxa8 Qxc4 30. h3 Qc8 31. Nc7 Rxa7 32. Rxa7 Kh7 33. Nd2 Bb7 34.
Rb1 Bc6 35. Nc4 Qf8 36. Ne3 d5 37. Ncxd5 Qc5 38. Rba1 Qd4 39. R7a5 Kg8 40. Nf5
Qd3 41. Nde7+ 1-0

[Event "Campeonato Continental Americas 2009"]
[Site "Sao Paulo BRA"]
[Date "2009.07.26"]
[Round "2.13"]
[White "Chemin, Justo Reinaldo"]
[Black "Lafuente, Pablo"]
[Result "0-1"]
[WhiteElo "2278"]
[BlackElo "2562"]
[PlyCount "59"]
[EventDate "2009.07.25"]
[EventType "swiss"]
[EventRounds "11"]
[EventCountry "BRA"]
[Source "lmi"]
[SourceDate "2009.07.25"]

1. e4 e5 2. Bc4 Nf6 3. d3 Nc6 4. Nc3 Na5 5. Bb3 Nxb3 6. axb3 d6 7. f4 Be7 8.
Nf3 exf4 9. Bxf4 O-O 10. O-O d5 11. e5 Nh5 12. Bd2 f5 13. Ne2 f4 14. b4 g5 15.
Nfd4 Bg4 16. Nf3 Ng7 17. Ned4 c5 18. bxc5 Bxc5 19. c3 Ne6 20. Qa4 Bxf3 21. gxf3
Qe8 22. Qb3 Qd7 23. Ra4 a6 24. Rfa1 Ba7 25. Kh1 Nc5 26. Qb4 Nxa4 27. e6 Qe8 28.
e7 Rf7 29. Qxb7 Bxd4 30. cxd4 0-1

[Event "Campeonato Continental Americas 2009"]
[Site "Sao Paulo BRA"]
[Date "2009.07.26"]
[Round "2.14"]
[White "Bachmann, Axel"]
[Black "Pinheiro, Iung Alicio De Oliv"]
[Result "1-0"]
[WhiteElo "2559"]
[BlackElo "2257"]
[PlyCount "55"]
[EventDate "2009.07.25"]
[EventType "swiss"]
[EventRounds "11"]
[EventCountry "BRA"]
[Source "lmi"]
[SourceDate "2009.07.25"]

1. c4 c5 2. Nc3 Nf6 3. g3 d5 4. cxd5 Nxd5 5. Bg2 Nc7 6. Nf3 Nc6 7. O-O e5 8. d3
Be7 9. Nd2 Bd7 10. Nc4 f6 11. f4 b5 12. Ne3 exf4 13. gxf4 Rc8 14. Ned5 Nd4 15.
e3 Nf5 16. e4 Nd4 17. Be3 Nxd5 18. Nxd5 Be6 19. Nxe7 Qxe7 20. Bxd4 cxd4 21.
Qh5+ g6 22. Qxb5+ Kf8 23. Qa4 Kg7 24. Qxd4 Rhd8 25. Qe3 Qd7 26. Rad1 Bxa2 27.
Ra1 Bf7 28. Bh3 1-0

[Event "Campeonato Continental Americas 2009"]
[Site "Sao Paulo BRA"]
[Date "2009.07.26"]
[Round "2.15"]
[White "Iturrizaga, Eduardo"]
[Black "Andrade, Roberto Luiz Costa"]
[Result "1-0"]
[WhiteElo "2555"]
[BlackElo "2251"]
[PlyCount "55"]
[EventDate "2009.07.25"]
[EventType "swiss"]
[EventRounds "11"]
[EventCountry "BRA"]
[Source "lmi"]
[SourceDate "2009.07.25"]

1. d4 d5 2. c4 c6 3. Nf3 Nf6 4. e3 Bg4 5. Nc3 e6 6. h3 Bxf3 7. Qxf3 Bb4 8. Bd2
Nbd7 9. cxd5 exd5 10. Bd3 O-O 11. a3 Bxc3 12. bxc3 Re8 13. O-O Ne4 14. Be1 b5
15. Qe2 Qg5 16. a4 a6 17. axb5 cxb5 18. Ra5 Nb6 19. Qa2 Na4 20. Bxe4 Rxe4 21.
c4 Ree8 22. Qb3 Nb6 23. cxb5 Nc4 24. Rxa6 Rab8 25. Rc6 Qd8 26. Rc5 Re6 27. Bc3
Qg5 28. Qxc4 1-0

[Event "Campeonato Continental Americas 2009"]
[Site "Sao Paulo BRA"]
[Date "2009.07.26"]
[Round "3.2"]
[White "El Debs, Felipe de Cresce"]
[Black "Leitao, Rafael"]
[Result "1/2-1/2"]
[WhiteElo "2467"]
[BlackElo "2610"]
[PlyCount "153"]
[EventDate "2009.07.25"]
[EventType "swiss"]
[EventRounds "11"]
[EventCountry "BRA"]
[Source "lmi"]
[SourceDate "2009.07.25"]

1. Nf3 d5 2. d4 Nf6 3. c4 c6 4. cxd5 cxd5 5. Nc3 Nc6 6. e3 g6 7. Ne5 Bg7 8. f4
O-O 9. Bd3 Bf5 10. Bxf5 gxf5 11. Nxc6 bxc6 12. O-O Rc8 13. Qc2 e6 14. Na4 Ne4
15. Bd2 Kh8 16. Bb4 Rg8 17. Nc5 Bf8 18. Nxe4 Bxb4 19. Nc5 Bxc5 20. Qxc5 Qb6 21.
Qc3 f6 22. Rfc1 Rg7 23. Rc2 Rgc7 24. Rac1 Kg7 25. Qa3 Rb7 26. Qd6 c5 27. dxc5
Qc6 28. b3 Kf7 29. Rc3 a5 30. Kf2 Ke8 31. Qxc6+ Rxc6 32. a3 Rb5 33. Ke2 Kd7 34.
Kd3 e5 35. g3 Ke6 36. R1c2 h5 37. Ke2 Ke7 38. Kf2 Ke6 39. Kg2 d4 40. exd4 exd4
41. Rd3 Rbxc5 42. Rxc5 Rxc5 43. Rxd4 Rc3 44. Ra4 Rxb3 45. Rxa5 Rb2+ 46. Kh3 Ra2
47. Ra7 Rb2 48. Ra5 Ra2 49. a4 Rb2 50. Rb5 Ra2 51. a5 Rc2 52. Rb7 Ra2 53. Ra7
Rb2 54. Rh7 Ra2 55. Rxh5 Rxa5 56. Kh4 Ra2 57. h3 Rh2 58. Rh7 Rh1 59. Ra7 Rh2
60. Ra5 Rh1 61. Rc5 Rh2 62. Rb5 Rh1 63. Ra5 Rh2 64. g4 fxg4 65. f5+ Kf7 66.
Kxg4 Kg7 67. h4 Rb2 68. Kh5 Rb7 69. Ra1 Kh7 70. Ra2 Rc7 71. Ra4 Rb7 72. Kg4 Kh6
73. Ra6 Rb4+ 74. Kg3 Rb3+ 75. Kf2 Kh5 76. Rxf6 Kxh4 77. Rf8 1/2-1/2

[Event "Campeonato Continental Americas 2009"]
[Site "Sao Paulo BRA"]
[Date "2009.07.26"]
[Round "3.3"]
[White "Fier, Alexandr"]
[Black "Perez Garcia, Rodney"]
[Result "1-0"]
[WhiteElo "2604"]
[BlackElo "2446"]
[PlyCount "53"]
[EventDate "2009.07.25"]
[EventType "swiss"]
[EventRounds "11"]
[EventCountry "BRA"]
[Source "lmi"]
[SourceDate "2009.07.25"]

1. d4 d5 2. c4 c6 3. Nf3 Nf6 4. e3 e6 5. Bd3 Nbd7 6. b3 Bd6 7. Bb2 O-O 8. O-O
Qe7 9. Ne5 c5 10. Nd2 cxd4 11. exd4 b6 12. Qe2 Bb7 13. Rad1 Rfe8 14. f4 Ba3 15.
Ba1 Rad8 16. g4 g6 17. h4 Nb8 18. h5 Nfd7 19. Ndf3 Nxe5 20. fxe5 Rd7 21. Qe3
dxc4 22. bxc4 Bxf3 23. Rxf3 Nc6 24. Bc2 Bb4 25. a3 Ba5 26. Rf6 Kg7 27. d5 1-0